Houston Texans: Top 10 All-Time Leaders - Statistics

General Stats
  • This quiz has been taken 106 times
    57 since last reset
  • The average score is 27 of 61
Answer Stats
Category # Player Amount % Correct
Passing Yards 2 Deshaun Watson 14,539
100%
Rushing Yards 7 Deshaun Watson 1,677
100%
Tackles 5 J.J. Watt 409
100%
Sacks 1 J.J. Watt 101.0
100%
Passing Yards 4 C.J. Stroud 8,230
98%
Passing Yards 1 Matt Schaub 23,221
98%
Receiving Yards 1 Andre Johnson 13,597
95%
Rushing Yards 1 Arian Foster 6,472
90%
Receiving Yards 8 Arian Foster 2,268
90%
Receiving Yards 2 DeAndre Hopkins 8,602
90%
Passing Yards 5 Davis Mills 6,167
88%
Passing Yards 3 David Carr 13,391
86%
Rushing Yards 10 David Carr 1,235
86%
Receiving Yards 6 Nico Collins 3,307
86%
Sacks 7 Will Anderson Jr. 20.0
79%
Passing Yards 7 Brock Osweiler 2,957
64%
Interceptions T5 Derek Stingley Jr. 11
62%
Tackles 3 Brian Cushing 424
60%
Interceptions 9 Brian Cushing 8
60%
Rushing Yards 8 Dameon Pierce 1,653
57%
Sacks 4 Jadeveon Clowney 29.0
52%
Passing Yards 10 Ryan Fitzpatrick 2,483
52%
Rushing Yards 2 Domanick Williams 3,195
50%
Sacks 3 Mario Williams 53.0
50%
Tackles 2 Kareem Jackson 469
48%
Interceptions 2 Kareem Jackson 16
48%
Tackles 1 DeMeco Ryans 479
45%
Receiving Yards 3 Owen Daniels 4,617
45%
Tackles 4 Johnathan Joseph 421
43%
Interceptions 1 Johnathan Joseph 17
43%
Receiving Yards 7 Brandin Cooks 2,886
40%
Rushing Yards 3 Lamar Miller 2,934
40%
Receiving Yards 5 Will Fuller 3,110
40%
Passing Yards 8 Brian Hoyer 2,606
38%
Sacks 5 Antonio Smith 27.5
36%
Passing Yards 9 Case Keenum 2,486
33%
Passing Yards 6 Sage Rosenfels 3,380
26%
Interceptions T10 Jason Allen 7
24%
Rushing Yards 4 Alfred Blue 2,407
21%
Interceptions T5 Aaron Glenn 11
19%
Sacks 10 Brooks Reed 14.5
19%
Receiving Yards 4 Kevin Walter 4,083
17%
Sacks 2 Whitney Mercilus 57.0
17%
Sacks 6 Jonathan Greenard 23.0
14%
Tackles 8 Bernardrick McKinney 314
12%
Sacks 8 Connor Barwin 19.0
12%
Rushing Yards 6 Steve Slaton 1,832
12%
Rushing Yards 5 Ben Tate 1,992
10%
Receiving Yards 10 Corey Bradford 1,992
10%
Tackles 7 Dunta Robinson 333
10%
Interceptions 3 Dunta Robinson 13
10%
Interceptions T10 Justin Reid 7
10%
Interceptions 4 Andre Hal 12
7%
Interceptions 8 Quintin Demps 9
7%
Tackles 6 Zach Cunningham 358
7%
Tackles 9 Jamie Sharper 300
5%
Interceptions T5 Marcus Coleman 11
5%
Tackles 10 Morlon Greenwood 289
5%
Rushing Yards 9 Ron Dayne 1,385
5%
Receiving Yards 9 Jabar Gaffney 2,009
2%
Sacks 9 Kailee Wong 15.0
2%
No matching quizzes found
Score Distribution
Percent of People with Each Score
Percentile by Number Answered
Your Score History
You have not taken this quiz since the last reset